| 000 | 01105cam a22002771i 4500 | ||
|---|---|---|---|
| 003 | SA-RiAUC | ||
| 005 | 20251029130737.0 | ||
| 008 | 251023s1989 ua g b 00000 ara c | ||
| 020 | _a9771600788 | ||
| 020 | _a9771600788 | ||
| 040 |
_aSA-JeALM _bara _cSA-RiAUC _erda |
||
| 082 | 0 | 4 | _a808.02 |
| 090 | _a808.02 ج ل ا | ||
| 100 | 1 |
_aالجلال السيوطي، عبد الرحمن بن أبي بكر بن محمد، _d849-911 هجري _eمؤلف. |
|
| 245 | 1 | 2 |
_aالتعريف بآداب التأليف / _cلجلال الدين السيوطي ؛ تحقيق مرزوق علي إبراهيم. |
| 264 | 1 |
_aالقاهرة : _bمكتبة التراث الإسلامي، _c1989 |
|
| 300 |
_a41 صفحة ؛ _c24 سم |
||
| 336 |
_aنص _btxt _2rdacontent _3كتاب |
||
| 337 |
_aبدون وسيط _bn _2rdamedia |
||
| 504 | _aببليوجرافية : صفحة 36-40. | ||
| 650 | 7 |
_aالتأليف _2aucsh |
|
| 700 | 1 |
_aإبراهيم، مرزوق علي _eمحقق. |
|
| 856 | _ahttp://catalogue.bnf.fr/ark:/12148/cb39285262x | ||
| 942 |
_2ddc _cBOOK _n0 |
||
| 949 |
_aSA-JeALM _d251023 _uosman123 _n1 |
||
| 999 |
_c12798 _d12798 |
||